LEADER 01808nam a2200337 a 4500 001 000000151090 003 CaOOAMICUS 005 20160407085757.0 008 160407m20169999gw u001 u ger r 020 $a978-3-16-154050-9 (v. 7)* 032 $aLibriCat 040 $aPUL$bita 041 1 $ager$aeng 245 00$aMetapher - Narratio - Mimesis - Doxologie :$bBegründungsformen frühchristlicher und antiker Ethik. Kontexte und Normen neutestamentlicher Ethik = contexts and norms of New Testament ethics /$cherausgegeben von Ulrich Volp, Friedrich W. Horn und Ruben Zimmermann. 260 $aTübingen :$bMohr Siebeck,$c©2016- 300 $av. ;$c24 cm. 490 1 $aWissenschaftliche Untersuchungen zum Neuen Testament ;$v356 504 $aRiferimenti bibliografici e indici. 546 $aInterventi in tedesco e inglese. 630 04$aBiblia.$pN.T.$xCritica e interpretazione.$0(OLS)http://pul/subject/1926 700 1 $aVolp, Ulrich.$0(OLS)http://pul/name/87680 700 1 $aZimmermann, Ruben.$0(OLS)http://pul/name/49214 700 1 $aHorn, Friedrich Wilhelm.$0(OLS)http://pul/name/25902 830 0$aWissenschaftliche Untersuchungen zum Neuen Testament ;$v356.$0(OLS)http://pul/title/8628 850 $aPUL 852 $aPUL$W1$xSL Religione 1$y3$m16 H 356$j173536$bv. 7$qStampati$B175869$CPULBib$Z2$F175869 $H127545 $81 941 1 $a8 996 $6020$a978-3-16-154050-9 (v. 7)*$9(OLS)http://pul/number/160201 996 $6245$aMetapher - Narratio - Mimesis - Doxologie :$bBegründungsformen frühchristlicher und antiker Ethik. Kontexte und Normen neutestamentlicher Ethik = contexts and norms of New Testament ethics$9(OLS)http://pul/title/190287 996 $6260$aTübingen :$bMohr Siebeck$9(OLS)http://pul/publisher/52004 LEADER 01519nam a2200289 u 4500 001 000000076395 003 CaOOAMICUS 005 20070226123215.0 008 031127s1949 it u000 u lat u 035 $a10977670 040 $aPUL(R)$bita 100 1 $aStickler, Alphonso M.,$ccard.,$d1910-2007.$0(OLS)http://pul/name/2722 245 10$aMagistri Gratiani sententia de potestate ecclesiae in statum /$cAlphonsus Sticker. 260 $aRomae :$bapud custodiam librarium Pontificii Instituti utriusque iuris,$c1949. 300 $a119 p. ;$c24 cm 490 1 $aPontificium Institutum utriusque iuris. Theses ad lauream ;$v65 502 $aThesis -- P. Institutum Utriusque Iuris. 504 $aBibliografia in nota. 600 04$aGratianus,$dsec. XII.$0(OLS)http://pul/subject/1598 650 4$aChiesa e stato$xStoria.$0(OLS)http://pul/subject/12302 710 2 $aPontificia Università Lateranense.$bPontificium Institutum Utriusque Iuris.$0(OLS)http://pul/name/1777 830 0$aTheses ad lauream in utroque iure (Pontificia Università Lateranense) ;$v65.$0(OLS)http://pul/title/448 850 $aPUL 852 $aPUL$W1$xDP1 Tesi Pon Univ. Lateranense$y41$mTH PUL.IUS 65$j98150$nBK-PRI$b $qTesi$B98150$CPULBib$Z2$F98150 $H $81 941 1 $a16 996 $6245$aMagistri Gratiani sententia de potestate ecclesiae in statum$9(OLS)http://pul/title/100214 996 $6260$aRomae :$bapud custodiam librarium Pontificii Instituti utriusque iuris$9(OLS)http://pul/publisher/74714